00506 2200169 4500001002100000005001500021035002000036245009400056100002400150250001700174300003400191260004400225082001100269084001700280020002200297650001700319INLIS00000000000016720240510062807 a0010-05240000891 a45 Kisah Teladan dari Al-Qur'an dan Hadis /cRirin Astutiningrum dan Tim Wonderful Writer0 aRirin Astutiningrum acetakan ke-1 aviii, 154 cm :bilus ;c23 cm aJakarta :bElex Media Komputindo,c2019 a2X1.61 a2X1.61 RIR e a978-623-000-034-8 4aReligi Islam